Spanish Vocab - Locations: Masculine - Statistics

General Stats
  • This quiz has been taken 21 times
  • The average score is 11 of 15
Answer Stats
Hint Answer % Correct
the restaurant el restaurante
100%
the bathroom el baño
92%
the cafe el café
92%
the park el parque
92%
the job, work el trabajo
92%
the concert el concierto
85%
the theater el teatro
85%
the movie theater el cine
69%
the gym el gimnasio
69%
the laboratory el laboratorio
69%
the dance el baile
62%
the auditorium el auditorio
46%
the game el partido
46%
downtown el centro
31%
the mall el centro comercial
23%
No matching quizzes found
Score Distribution
Percent of People with Each Score
Percentile by Number Answered
Your Score History
You have not taken this quiz